R.C.C designs / (Record no. 2149)
[ view plain ]
| 000 -LEADER | |
|---|---|
| fixed length control field | 00463cam a2200193ua 4500 |
| 041 ## - LANGUAGE CODE | |
| Language code of text/sound track or separate title | eng |
| 082 ## - DEWEY DECIMAL CLASSIFICATION NUMBER | |
| Classification number | 624.18341 |
| Item number | RAJ/RC |
| 100 ## - MAIN ENTRY--AUTHOR NAME | |
| Personal name | Rajaraman, S . |
| 245 ## - TITLE STATEMENT | |
| Title | R.C.C designs / |
| 250 ## - EDITION STATEMENT | |
| Edition statement | 7 / |
| 260 ## - PUBLICATION, DISTRIBUTION, ETC. (IMPRINT) | |
| Place of publication | Trichur : |
| Name of publisher | Neo-saraswathi pri.works , |
| Year of publication | 1960. |
| 300 ## - PHYSICAL DESCRIPTION | |
| Number of Pages | 208 ; . |
| 700 1# - ADDED ENTRY--PERSONAL NAME | |
| Personal name | Deshpande, D.L . |
| 942 ## - ADDED ENTRY ELEMENTS (KOHA) | |
| Koha item type | Books |
| Withdrawn status | Lost status | Damaged status | Home library | Current library | Date acquired | Cost, normal purchase price | Full call number | Accession Number | Koha item type |
|---|---|---|---|---|---|---|---|---|---|
| Withdrawn | KAUAET | KAUAET | 07/04/2012 | 8.00 | 624.18341 RAJ/RC | 7201 | Books | ||
| Withdrawn | KAUAET | KAUAET | 19/06/2020 | 8.00 | 624.18341 RAJ/RC | 7200 | Books |
